[Event "VIE-chB (Women)"]
[Site "Ba Dinh"]
[Date "2018.11.30"]
[Round "4"]
[White "Nguyen, Thu Trang"]
[Black "Pham, Thanh Phuong Thao"]
[Result "1/2-1/2"]
[WhiteElo "2168"]
[BlackElo "1785"]
[PlyCount "88"]
[EventDate "2018.11.28"]
[EventType "swiss"]
[EventRounds "9"]
[EventCountry "VIE"]
[SourceTitle "EXT 2021"]
[Source "ChessBase"]
[SourceDate "2020.10.23"]
[SourceVersion "1"]
[SourceVersionDate "2020.10.23"]
[SourceQuality "1"]

1. e4 g6 2. Bc4 d6 3. Nf3 Bg7 4. h3 Nf6 5. d3 0-0 6. c3 c5 7. 0-0 Nc6 8. Be3 b6 9. Qd2 Bb7 10. Bh6 d5 11. exd5 Nxd5 12. Bxg7 Kxg7 13. d4 cxd4 14. Nxd4 Ne5 15. Be2 Nf6 16. Qg5 Qd5 17. Nd2 Nc6 18. Qxd5 Nxd5 19. Nxc6 Bxc6 20. Bf3 e6 21. Nb3 Ne7 22. Bxc6 Nxc6 23. Rad1 Rfd8 24. Rfe1 Kf6 25. f4 Kf5 26. g3 h5 27. Kg2 g5 28. fxg5 Kxg5 29. h4+ Kf5 30. Rf1+ Kg6 31. Rfe1 e5 32. Nd2 Rd5 33. c4 Rd4 34. Nf3 Rxc4 35. Nxe5+ Nxe5 36. Rxe5 Rc2+ 37. Kf3 Rxb2 38. Rd6+ f6 39. Rg5+ Kf7 40. Rxh5 Rxa2 41. Rf5 Rg8 42. Rfxf6+ Ke7 43. Rfe6+ Kf7 44. Rf6+ Ke7 1/2-1/2

[Event "VIE-chB (Women)"]
[Site "Ba Dinh"]
[Date "2018.11.30"]
[Round "5"]
[White "Pham, Thanh Phuong Thao"]
[Black "Le, Hoang Tran Chau"]
[Result "0-1"]
[WhiteElo "1785"]
[BlackElo "2151"]
[PlyCount "72"]
[EventDate "2018.11.28"]
[EventType "swiss"]
[EventRounds "9"]
[EventCountry "VIE"]
[SourceTitle "EXT 2021"]
[Source "ChessBase"]
[SourceDate "2020.10.23"]
[SourceVersion "1"]
[SourceVersionDate "2020.10.23"]
[SourceQuality "1"]

1. d4 Nf6 2. Nf3 g6 3. g3 Bg7 4. Bg2 0-0 5. 0-0 d5 6. Bg5 Ne4 7. Bf4 c6 8. c3 Bf5 9. Nbd2 Qc8 10. Qb3 Nd7 11. c4 Nxd2 12. Bxd2 Be6 13. c5 Bg4 14. Qe3 Bxf3 15. Bxf3 e5 16. dxe5 Nxe5 17. Bc3 Re8 18. Bxe5 Rxe5 19. Qd2 h5 20. e3 h4 21. Qb4 Bf6 22. Rab1 Kg7 23. Rfd1 a5 24. Qa4 Qf5 25. Bg2 hxg3 26. hxg3 Qh5 27. Qc2 Rf5 28. b4 a4 29. b5 Rh8 30. bxc6 bxc6 31. Rb4 Qh2+ 32. Kf1 Be5 33. g4 Rf6 34. Rd2 Qg3 35. Kg1 Rh1+ 36. Kxh1 Qh2# 0-1

[Event "VIE-ch (Women)"]
[Site "Ho Chi Minh City"]
[Date "2018.04.29"]
[Round "4"]
[White "Pham, Thanh Phuong Thao"]
[Black "Nguyen, Thi Thanh An"]
[Result "0-1"]
[WhiteElo "1679"]
[BlackElo "2261"]
[PlyCount "64"]
[EventDate "2018.04.27"]
[EventType "swiss"]
[EventRounds "9"]
[EventCountry "VIE"]
[SourceTitle "CBM 184 Extra"]
[Source "ChessBase"]
[SourceDate "2018.06.28"]
[SourceVersion "1"]
[SourceVersionDate "2018.06.28"]
[SourceQuality "1"]

1. d4 g6 2. Nf3 Bg7 3. Bf4 Nf6 4. e3 b6 5. h3 Bb7 6. Be2 0-0 7. 0-0 d6 8. Nbd2 Nbd7 9. c3 Qe8 10. Qc2 e5 11. dxe5 dxe5 12. Bh2 Qe7 13. Rfd1 Rfd8 14. Nc4 Ne4 15. Nfd2 Ndc5 16. b4 Nxd2 17. Nxd2 Ne6 18. Rab1 c5 19. b5 f6 20. c4 f5 21. Rbc1 Ng5 22. Bg3 f4 23. h4 fxg3 24. hxg5 gxf2+ 25. Kxf2 Rf8+ 26. Kg1 Qxg5 27. Bf1 Qxe3+ 28. Kh2 Rf5 29. Nf3 Rh5+ 30. Kg3 Bxf3 31. gxf3 Qg5+ 32. Kf2 Rh2+ 0-1

[Event "VIE-chT (Women)"]
[Site "Ho Chi Minh City"]
[Date "2017.07.26"]
[Round "4.7"]
[White "Le, Phu Nguyen Thao"]
[Black "Pham, Thanh Phuong Thao"]
[Result "1-0"]
[WhiteElo "2005"]
[BlackElo "1679"]
[PlyCount "65"]
[EventDate "2017.07.24"]
[EventType "team-swiss"]
[EventRounds "9"]
[EventCountry "VIE"]
[SourceTitle "EXT 2019"]
[Source "ChessBase"]
[SourceDate "2018.10.10"]
[SourceVersion "1"]
[SourceVersionDate "2018.10.10"]
[SourceQuality "1"]

1. d4 Nf6 2. Nf3 e6 3. g3 b6 4. Bg2 Bb7 5. 0-0 Be7 6. c4 0-0 7. Nc3 Ne4 8. Nxe4 Bxe4 9. Bf4 d6 10. Rc1 Nd7 11. b4 c5 12. dxc5 dxc5 13. b5 a6 14. Qb3 axb5 15. Qxb5 Ra5 16. Qb3 Qa8 17. Rfd1 Bc6 18. Rd2 Bf6 19. Ne1 Bxg2 20. Nxg2 Qb7 21. Rcd1 Nb8 22. Bd6 Rc8 23. Nf4 g6 24. Bxb8 Rxb8 25. Rd7 Qa6 26. Qf3 Qa8 27. Nd5 exd5 28. Qxf6 Rf8 29. R1xd5 Rxa2 30. e4 Qa5 31. Rd1 Qb4 32. Rxf7 Rxf7 33. Rd8+ 1-0

[Event "VIE-chT (Women)"]
[Site "Ho Chi Minh City"]
[Date "2017.07.25"]
[Round "3.7"]
[White "Le, Thi Ha"]
[Black "Pham, Thanh Phuong Thao"]
[Result "1/2-1/2"]
[WhiteElo "1981"]
[BlackElo "1679"]
[PlyCount "30"]
[EventDate "2017.07.24"]
[EventType "team-swiss"]
[EventRounds "9"]
[EventCountry "VIE"]
[SourceTitle "EXT 2019"]
[Source "ChessBase"]
[SourceDate "2018.10.10"]
[SourceVersion "1"]
[SourceVersionDate "2018.10.10"]
[SourceQuality "1"]

1. c4 c5 2. Nc3 Nc6 3. g3 g6 4. Bg2 Bg7 5. Nf3 Nf6 6. d3 0-0 7. 0-0 d6 8. e4 Bd7 9. Be3 Rb8 10. a4 Qe8 11. Rb1 Bh3 12. Qd2 Bxg2 13. Kxg2 Qd7 14. b3 Ng4 15. h3 Nf6 1/2-1/2

[Event "VIE-chT (Women)"]
[Site "Ho Chi Minh City"]
[Date "2017.07.24"]
[Round "2.10"]
[White "Pham, Thanh Phuong Thao"]
[Black "Nguyen, Thi Thu Quyen"]
[Result "1-0"]
[WhiteElo "1679"]
[BlackElo "2017"]
[PlyCount "141"]
[EventDate "2017.07.24"]
[EventType "team-swiss"]
[EventRounds "9"]
[EventCountry "VIE"]
[SourceTitle "EXT 2019"]
[Source "ChessBase"]
[SourceDate "2018.10.10"]
[SourceVersion "1"]
[SourceVersionDate "2018.10.10"]
[SourceQuality "1"]

1. d4 d5 2. c4 c6 3. Nc3 Nf6 4. Nf3 e6 5. Bg5 Be7 6. e3 h6 7. Bh4 Nbd7 8. Bd3 0-0 9. 0-0 dxc4 10. Bxc4 b6 11. h3 Bb7 12. Bg3 a6 13. Qe2 b5 14. Bd3 c5 15. Rac1 Rc8 16. Rfd1 c4 17. Bb1 b4 18. Na4 Qa5 19. b3 cxb3 20. axb3 Bd5 21. Bc2 Ne4 22. Bf4 Nc3 23. Nxc3 Rxc3 24. Nd2 Rfc8 25. Nb1 Qb6 26. Nxc3 bxc3 27. Rb1 a5 28. e4 Bb7 29. Be3 Qc7 30. e5 Qd8 31. Ra1 Bb4 32. Qg4 Kf8 33. f4 Nb6 34. f5 exf5 35. Qxf5 Qd5 36. Qf2 Rc7 37. Kh2 Re7 38. Rg1 Qe6 39. Raf1 Bd5 40. Bf5 Qc6 41. Qc2 Kg8 42. Bc1 Be6 43. Be4 Bd5 44. Bd3 Qe6 45. Rf4 Bxb3 46. Qf2 a4 47. Qg3 Kf8 48. Rg4 Ke8 49. Rxg7 Bc4 50. Be4 Bd5 51. Bh7 a3 52. Rf1 a2 53. Be3 Ba3 54. Qh4 Bb2 55. Bf5 a1Q 56. Rxa1 Bxa1 57. Bxe6 Bxe6 58. Qe4 Bd5 59. Qd3 Nc4 60. Bxh6 Bb2 61. Qc2 Nb6 62. Bg5 Rb7 63. Rg8+ Kd7 64. Rd8+ Kc6 65. Bc1 Bxc1 66. Qxc3+ Kb5 67. Qxc1 Be6 68. Qc5+ Ka6 69. Rd6 Rb8 70. d5 Bxd5 71. Qxd5 1-0

[Event "VIE-chT (Women)"]
[Site "Ho Chi Minh City"]
[Date "2017.07.24"]
[Round "1.37"]
[White "Vo, Thuy Tien"]
[Black "Pham, Thanh Phuong Thao"]
[Result "0-1"]
[WhiteElo "1903"]
[BlackElo "1679"]
[PlyCount "98"]
[EventDate "2017.07.24"]
[EventType "team-swiss"]
[EventRounds "9"]
[EventCountry "VIE"]
[SourceTitle "EXT 2019"]
[Source "ChessBase"]
[SourceDate "2018.10.10"]
[SourceVersion "1"]
[SourceVersionDate "2018.10.10"]
[SourceQuality "1"]

1. d4 Nf6 2. c4 e6 3. Nc3 Bb4 4. a3 Bxc3+ 5. bxc3 Ne4 6. Qc2 f5 7. Bf4 b6 8. Rb1 d6 9. e3 Bb7 10. f3 Nf6 11. Bg5 0-0 12. Bd3 Qe8 13. Ne2 Qg6 14. h4 Nbd7 15. Nf4 Qf7 16. h5 e5 17. Nd5 Nxd5 18. cxd5 Bxd5 19. h6 g6 20. c4 Bb7 21. Rf1 exd4 22. exd4 Rae8+ 23. Kd2 c5 24. d5 Ne5 25. Rbe1 Bc8 26. f4 Ng4 27. Qc3 Bd7 28. Kc1 Nf6 29. Rxe8 Bxe8 30. Bxf6 Qxf6 31. Qxf6 Rxf6 32. Re1 Bd7 33. Kb2 Kf8 34. Kb3 Rf7 35. Kc3 Re7 36. Kd2 Rxe1 37. Kxe1 Kf7 38. Be2 Kf6 39. g3 g5 40. Bh5 g4 41. Kd2 Ke7 42. Kc3 Be8 43. Bxe8 Kxe8 44. Kb3 Kf7 45. a4 Kg6 46. a5 bxa5 47. Ka4 Kxh6 48. Kxa5 Kg6 49. Kb5 Kf6 0-1

[Event "VIE-ch (Women)"]
[Site "Bac Giang"]
[Date "2016.06.26"]
[Round "7"]
[White "Kieu, Bich Thuy"]
[Black "Pham, Thanh Phuong Thao"]
[Result "1-0"]
[WhiteElo "1729"]
[BlackElo "1865"]
[PlyCount "88"]
[EventDate "2016.06.22"]
[EventType "swiss"]
[EventRounds "9"]
[EventCountry "VIE"]
[SourceTitle "EXT 2017"]
[Source "ChessBase"]
[SourceDate "2016.10.25"]
[SourceVersion "1"]
[SourceVersionDate "2016.10.25"]
[SourceQuality "1"]

1. e4 c5 2. Nf3 d6 3. d4 cxd4 4. Nxd4 Nf6 5. Nc3 g6 6. Be2 Bg7 7. Be3 0-0 8. 0-0 Nc6 9. Qd2 Bd7 10. Rad1 Rc8 11. Nb3 a6 12. a4 Ne5 13. a5 Nc4 14. Bxc4 Rxc4 15. f3 Qc8 16. Bd4 Be6 17. f4 Qd7 18. Qd3 Rb4 19. Nd5 Bxd5 20. exd5 Rc8 21. Nd2 Qb5 22. c4 Qxa5 23. Bc3 Qb6+ 24. Kh1 Ra4 25. Qc2 Rb4 26. Bxb4 Qxb4 27. b3 Nxd5 28. Qd3 Nf6 29. f5 Qc5 30. Ne4 Nxe4 31. Qxe4 Rc7 32. Rd5 Qa3 33. Rd3 Qb2 34. Rdf3 Qe5 35. Qh4 Bf6 36. Qh6 Bg7 37. Qh3 g5 38. Qh5 h6 39. h4 Qf6 40. hxg5 Qxg5 41. Qh3 Be5 42. Re1 Kh7 43. Rff1 Qf6 44. Re4 b5 1-0

[Event "VIE-ch Resolution (Women) 7th"]
[Site "Bac Giang"]
[Date "2014.12.12"]
[Round "7"]
[White "Pham, Thanh Phuong Thao"]
[Black "Luong, Phuong Hanh"]
[Result "0-1"]
[WhiteElo "1679"]
[BlackElo "2175"]
[PlyCount "91"]
[EventDate "2014.12.05"]
[EventType "swiss"]
[EventRounds "9"]
[EventCountry "VIE"]
[SourceTitle "EXT 2019"]
[Source "ChessBase"]
[SourceDate "2018.10.10"]
[SourceVersion "1"]
[SourceVersionDate "2018.10.10"]
[SourceQuality "1"]

1. d4 Nf6 2. c4 c5 3. d5 b5 4. cxb5 a6 5. e3 g6 6. Nc3 Bg7 7. Nf3 0-0 8. Be2 axb5 9. Bxb5 Ba6 10. Bxa6 Nxa6 11. 0-0 Nb4 12. e4 d6 13. Bd2 Qb6 14. a3 Nd3 15. b3 Qa6 16. Qc2 Rfb8 17. Rab1 c4 18. a4 cxb3 19. Rxb3 Rxb3 20. Qxb3 Nc5 21. Qb4 Qd3 22. Re1 Nfd7 23. Re3 Qc2 24. a5 Rb8 25. Qc4 Bh6 26. Re2 Ne5 27. Be1 Nxf3+ 28. gxf3 Qc1 29. Kf1 Rb1 30. Qa2 Ra1 31. Qb2 Nd3 32. Qxc1 Rxc1 33. Nb5 Ra1 34. Nd4 Bg7 35. Nc2 Ra4 36. Bd2 Be5 37. h3 Bf4 38. Ne3 Ra1+ 39. Kg2 Ra2 40. Nc4 Ra4 41. Ne3 h5 42. Kf1 Ra1+ 43. Kg2 Ra2 44. Nc4 h4 45. Kf1 Ra1+ 46. Be1 0-1

[Event "VIE-ch Resolution (Women) 7th"]
[Site "Bac Giang"]
[Date "2014.12.08"]
[Round "3"]
[White "Pham, Thanh Phuong Thao"]
[Black "Ngo Kim, Cuong"]
[Result "1/2-1/2"]
[WhiteElo "1679"]
[BlackElo "1995"]
[PlyCount "62"]
[EventDate "2014.12.05"]
[EventType "swiss"]
[EventRounds "9"]
[EventCountry "VIE"]
[SourceTitle "EXT 2016"]
[Source "ChessBase"]
[SourceDate "2015.10.08"]
[SourceVersion "1"]
[SourceVersionDate "2015.10.08"]
[SourceQuality "1"]

1. d4 d5 2. c4 c6 3. Nf3 Nf6 4. cxd5 cxd5 5. Bf4 Bf5 6. Nc3 Nc6 7. e3 e6 8. Bb5 Bd6 9. Ne5 Bxe5 10. Bxc6+ bxc6 11. Bxe5 0-0 12. 0-0 Nd7 13. Bd6 Re8 14. Rc1 Rc8 15. Na4 e5 16. Nc5 exd4 17. Qxd4 Nxc5 18. Bxc5 Re4 19. Qd2 a6 20. Rc3 Qa5 21. a3 Rc4 22. b4 Qb5 23. Rfc1 Rxc3 24. Qxc3 Qd3 25. Bd4 Qxc3 26. Rxc3 f6 27. Kf1 Kf7 28. Ke2 Ke7 29. Rc5 Rc7 30. Ra5 Bc8 31. Rc5 Bf5 1/2-1/2

[Event "VIE-ch U15 Girls"]
[Site "Ho Chi Minh City"]
[Date "2014.07.15"]
[Round "4"]
[White "Pham, Thanh Phuong Thao"]
[Black "Nguyen, Hong Ngoc"]
[Result "0-1"]
[WhiteElo "1679"]
[BlackElo "1899"]
[PlyCount "82"]
[EventDate "2014.07.13"]
[EventType "swiss"]
[EventRounds "9"]
[EventCountry "VIE"]
[SourceTitle "EXT 2016"]
[Source "ChessBase"]
[SourceDate "2015.10.08"]
[SourceVersion "1"]
[SourceVersionDate "2015.10.08"]
[SourceQuality "1"]

1. d4 d5 2. c4 c6 3. Nf3 e6 4. cxd5 cxd5 5. Bf4 Nf6 6. e3 Nc6 7. Nc3 a6 8. Bd3 Be7 9. 0-0 Nh5 10. Be5 Nxe5 11. Nxe5 g6 12. Qb3 f6 13. Nf3 b5 14. e4 Nf4 15. Bc2 Bb7 16. a4 b4 17. Na2 dxe4 18. Qe3 Nxg2 19. Kxg2 exf3+ 20. Kh1 Bd5 21. Be4 Bxe4 22. Qxe4 Qd5 23. Qe3 Kf7 24. Nc1 Rad8 25. Nb3 Qh5 26. Nd2 Bd6 27. Nxf3 g5 28. Rae1 Rhe8 29. d5 exd5 30. Qa7+ Kf8 31. Re3 Rxe3 32. fxe3 g4 33. Qb6 Rd7 34. Qxa6 gxf3 35. Rf2 Qe5 36. Qf1 Rg7 37. Qh3 Rc7 38. Rxf3 Rc1+ 39. Kg2 Rc2+ 40. Rf2 Rxf2+ 41. Kxf2 Qxh2+ 0-1

[Event "VIE-ch U15 Girls"]
[Site "Ho Chi Minh City"]
[Date "2014.07.13"]
[Round "1"]
[White "Bui, Kha Nhi"]
[Black "Pham, Thanh Phuong Thao"]
[Result "0-1"]
[WhiteElo "1897"]
[BlackElo "1679"]
[PlyCount "94"]
[EventDate "2014.07.13"]
[EventType "swiss"]
[EventRounds "9"]
[EventCountry "VIE"]
[SourceTitle "EXT 2016"]
[Source "ChessBase"]
[SourceDate "2015.10.08"]
[SourceVersion "1"]
[SourceVersionDate "2015.10.08"]
[SourceQuality "1"]

1. e4 e6 2. d4 d5 3. Nc3 Bb4 4. Nge2 dxe4 5. a3 Bxc3+ 6. Nxc3 f5 7. Bf4 a6 8. Bc4 Nf6 9. d5 exd5 10. Bxd5 c6 11. Ba2 Qxd1+ 12. Rxd1 Nbd7 13. 0-0 Nf8 14. Rfe1 Be6 15. f3 Bxa2 16. Nxa2 Kf7 17. fxe4 Nxe4 18. Nb4 Re8 19. Nd3 Ng6 20. Rf1 Rhf8 21. Bd2 Kg8 22. Bb4 Rf7 23. Rde1 Ne7 24. Ne5 Rf6 25. Nd7 Re6 26. Nc5 Nxc5 27. Bxc5 Rxe1 28. Rxe1 Kf7 29. Bxe7 Rxe7 30. Rf1 Kf6 31. h3 Re2 32. Rc1 f4 33. Kf1 Rd2 34. b3 g5 35. c4 Rb2 36. b4 Ra2 37. Rc3 Ke5 38. Kg1 Kd4 39. Rf3 Kxc4 40. Kh2 b6 41. Kg1 c5 42. bxc5 bxc5 43. g4 Kd4 44. Kf1 c4 45. Ke1 c3 46. Kd1 Kc4 47. Kc1 Kb3 0-1

[Event "VIE-ch U15 Girls"]
[Site "Ho Chi Minh City"]
[Date "2014.07.13"]
[Round "2"]
[White "Pham, Thanh Phuong Thao"]
[Black "Hoang, Minh Thu"]
[Result "1-0"]
[WhiteElo "1679"]
[BlackElo "1687"]
[PlyCount "47"]
[EventDate "2014.07.13"]
[EventType "swiss"]
[EventRounds "9"]
[EventCountry "VIE"]
[SourceTitle "EXT 2016"]
[Source "ChessBase"]
[SourceDate "2015.10.08"]
[SourceVersion "1"]
[SourceVersionDate "2015.10.08"]
[SourceQuality "1"]

1. d4 d5 2. c4 e6 3. Nc3 Nf6 4. Bg5 Be7 5. e3 0-0 6. Nf3 b6 7. cxd5 Nxd5 8. Bxe7 Nxe7 9. Bd3 Bb7 10. 0-0 Ng6 11. Rc1 Nd7 12. Ne4 Rc8 13. Qe2 Bxe4 14. Bxe4 c5 15. Rfd1 Qe7 16. Bb7 Rb8 17. Ba6 cxd4 18. Nxd4 Rbe8 19. Nc6 Qg5 20. Rxd7 Ne7 21. Qb5 Qxb5 22. Bxb5 Nxc6 23. Rxc6 Rc8 24. Rxa7 1-0